• 首页
  • 本馆介绍
  • 公告通知
  • 最新文献
  • 馆藏检索
  • 电子资源
  • 读者导购
  • 参考咨询
  • 我的图书馆
  • 登录
  • 详细信息显示
  • 放入我的书架
  • 预约/预借图书
  • 作者相关作品
  • 分类相关作品
  • 丛书相关作品
  • 出版社相关作品

书目信息

  • 表格格式
  • 工作单格式
  • 卡片格式
题名:
手表维修知识
    
 
作者: 陈嘉明 编
分册:  
出版信息: 广西   广东科技出版社  1978.12
页数: 152页
开本: 20cm
丛书名:
单 册:
中图分类: TH714.9
科图分类:
主题词: 计量仪器
电子资源:
ISBN:
000 00546nam0 2200205 45
001 0312221749
005 20040520172502.4
010    @dCNY0.42
091    @a15182.4
100    @a20031222d1978 km y0chiy0120 ea
101    @achi
105    @a z 000yy
200 1  @a手表维修知识@AShou Biao Wei Xiu Zhi Shi@f陈嘉明编@FChen Jia Ming Bian
210    @a广西@c广东科技出版社@d1978.12
215    @a152页@d20cm
606 0  @a计量仪器
690    @aTH714.9@v3
701 0  @a陈嘉明@4编
801    @aCN@bTSTCL@c20031222
905    @dTH714.9@e5@f2@b156708-709
    
    手表维修知识/陈嘉明编.-广西:广东科技出版社,1978.12
    152页;20cm
    
    
    ISBN :CNY0.42
    
●
相关链接 在E读中查询图书 在五车中查询图书 在当当中查询图书 在豆瓣中查询图书


正题名:手表维修知识     索取号:TH714.9/5         预约/预借

序号 登录号 条形码 馆藏地/架位号 状态 备注
1 0108878   001365837   第二样本阅览室/ [索取号:TH714.9/5] 在馆    
2 0156708   001365873   第三借阅区/ [索取号:TH714.9/5] 在馆    
3 0156709   001365917   密集书库/ [索取号:TH714.9/5] 在馆    
欢迎您!
大连网信软件有限公司© 版权所有